000 00592nam a2200181 a 4500
001 000029118
005 20200930055337.0
008 110413s1998 dr d 000 0 spa d
040 _aDO-SdBNP
_bspa
_cBNPHU
082 _axxxx
_bM966d
245 0 4 _aLos municipios por dentro /
_cprólogo Onofre Rojas.
260 _aSanto Domingo :
_bComisión Presidencial para la Reforma y Modernización del Estado,
_c1998.
300 _a60 p. :
_bgráf. ;
_c22 cm.
490 1 _aVida municipal
_vno. 1
700 1 2 _aRojas, Onofre,
_epról.
_931119
830 0 _aVida municipal
_vno. 1
_956025
049 _aBNPD
999 _c28610
_d28610